000 00487nmm a2200169Ia 4500
008 251105s9999||||xx |||||||||||||||||und||
020 _a8470307649
041 _aspa
100 _aTamayo y Baus, Manuel
245 0 _aUn drama nuevo. Virginia
264 _a[Madrid, España] :
_bBiblioteca Nueva,
_c2002
300 _a352 páginas
490 _aClásicos de Biblioteca Nueva
650 _aSpanish literature
856 _uhttps://public.digitaliapublishing.com/a/4655
942 _cCF
999 _c73178
_d73178